000 004420000a22001810004500
003 MACL
005 20151227122846.0
008 151227b xxu||||| |||| 00| 0 eng d
040 _aMACL
_cMACL
041 _aEnglish
082 _a001/FRA
100 _aFrancis, S R S
_923069
245 _aPremier I A S Preliminary Manual
260 _bC B S Publishers
_c1988
350 _a110
650 _aGenelities
_923070
942 _cBK
_k001/Fra
_2ddc
999 _c33895
_d33895